000 01042 a2200169 4500
003 Nust
005 20230206113617.0
040 _cNust
082 _a954.9042,ALL
100 _aAllana.G
_93790
245 _aQuaid-e-Azam Jinnah :
_bThe Story of a Nation /
_cG. Allana
260 _aKarachi
_bFerozsons
_61988
300 _a536:p
505 _aLeft School on Marriage (Page-1), I Want to be a Barrister (Page-16), The Muslims of India a Perspective (Page-32), In Unity Lies Salvation (Page-57), I Funked Jinnah (Page-95), Swaraj Stinks in my Nostrils (Page-136), An Interlude (Page-164), Leaving Jinnah High and Dry (Page-180), Coffin Marked Three Seats (Page-201), I Like Straight Play (Page-238), There is a Third Party (Page-267), Muslims are a Nation (Page-292), You Cannot Break us (Page-323), We will Never Surrender (Page-358), No Room for Compromise (Page-394), Pakistan Zindabad (Page-423), The Birth of a Nation (Page-452), To God he Returned (Page-501), Bibliography (Page-533).
650 _aQuaid-e-Azam
_94650
942 _2ddc
_cBK
999 _c187468
_d187468